[Event "FBL 1"]
[Site "?"]
[Date "2019.01.13"]
[Round "6.4"]
[White "Ambartsumova, Karina"]
[Black "Zschischang, Marine"]
[Result "1-0"]
[WhiteElo "2391"]
[BlackElo "2066"]
[PlyCount "101"]
[EventDate "2018.10.27"]
[EventType "team-tourn"]
[EventCountry "GER"]
[WhiteTeam "Schwaebisch Hall SK"]
[BlackTeam "Lehrte SK"]
[WhiteTeamCountry "GER"]
[BlackTeamCountry "GER"]

1. e4 e6 2. d4 d5 3. Nc3 dxe4 4. Nxe4 Nd7 5. Nf3 Ngf6 6. Nxf6+ Nxf6 7. c3 c5 8.
Be3 Qc7 9. Ne5 a6 10. Qa4+ Bd7 11. Nxd7 Nxd7 12. O-O-O O-O-O 13. Qc2 Nf6 14.
Be2 Nd5 15. Kb1 Nxe3 16. fxe3 Bd6 17. Bf3 h5 18. h3 g6 19. Qb3 Rd7 20. c4 Rhd8
21. Rd3 e5 22. Rhd1 exd4 23. exd4 cxd4 24. Rxd4 Be7 25. Bd5 Bf6 26. R4d3 Kb8
27. Qc2 Qc5 28. Rf3 Be5 29. Re1 Qc7 30. Rb3 Qd6 31. Qe4 Bg3 32. Rf1 f5 33. Qf3
h4 34. Bxb7 Ka7 35. Bxa6 Qf4 36. Qxf4 Bxf4 37. Rxf4 Kxa6 38. Rf2 Rd2 39. Rxd2
Rxd2 40. g3 Rd4 41. c5 g5 42. a3 Rc4 43. gxh4 Rxh4 44. Rc3 Kb7 45. c6+ Kc7 46.
b4 g4 47. hxg4 fxg4 48. Rc4 Rh1+ 49. Kb2 g3 50. Rg4 Kxc6 51. Rxg3 1-0

[Event "FBL 1"]
[Site "?"]
[Date "2019.01.13"]
[Round "6.5"]
[White "Diederichs, Luise"]
[Black "Rapport, Jovana"]
[Result "0-1"]
[WhiteElo "1977"]
[BlackElo "2375"]
[PlyCount "100"]
[EventDate "2018.10.27"]
[EventType "team-tourn"]
[EventCountry "GER"]
[WhiteTeam "Lehrte SK"]
[BlackTeam "Schwaebisch Hall SK"]
[WhiteTeamCountry "GER"]
[BlackTeamCountry "GER"]

1. c4 e6 2. Nc3 f5 3. d4 Nf6 4. Nf3 Bb4 5. Bd2 O-O 6. g3 b6 7. Bg2 Bb7 8. O-O
a5 9. a3 Bxc3 10. Bxc3 Ne4 11. Qc2 a4 12. Bb4 c5 13. dxc5 bxc5 14. Bc3 d5 15.
cxd5 exd5 16. e3 Nd7 17. b4 axb3 18. Qxb3 Qb6 19. Qc2 Ba6 20. Rfb1 Qe6 21. a4
Ndf6 22. Bxf6 Qxf6 23. Bf1 Qc3 24. Rc1 Qxc2 25. Rxc2 Bxf1 26. Kxf1 Ra5 27. Nd2
c4 28. Nxe4 fxe4 29. Rb2 Rfa8 30. Rb4 R8a7 31. Ke2 Kf7 32. Kd2 Ke6 33. Ra2 Kd6
34. Kc3 Kc6 35. h4 h6 36. Ra1 R7a6 37. Ra2 Rb6 38. Rab2 Rxb4 39. Rxb4 Ra7 40.
Rb2 Rxa4 41. Kd4 Ra3 42. Ke5 Rd3 43. h5 c3 44. Rc2 Kc5 45. Kf5 Kc4 46. Kg6 Rd2
47. Rc1 Rxf2 48. Kxg7 Rg2 49. Kxh6 Rxg3 50. Kh7 Rxe3 0-1

[Event "FBL 1"]
[Site "?"]
[Date "2019.01.13"]
[Round "6.6"]
[White "Zpevakova, Jana"]
[Black "Markgraf, Claudia"]
[Result "1-0"]
[WhiteElo "2062"]
[BlackElo "2000"]
[PlyCount "127"]
[EventDate "2018.10.27"]
[EventType "team-tourn"]
[EventCountry "GER"]
[WhiteTeam "Schwaebisch Hall SK"]
[BlackTeam "Lehrte SK"]
[WhiteTeamCountry "GER"]
[BlackTeamCountry "GER"]

1. d4 Nf6 2. c4 c5 3. d5 b5 4. cxb5 a6 5. bxa6 Bxa6 6. Nc3 d6 7. Nf3 g6 8. g3
Bg7 9. Bg2 O-O 10. O-O Nbd7 11. Rb1 Ra7 12. b3 Ng4 13. Qc2 Bxc3 14. Qxc3 Bxe2
15. Bb2 f6 16. Rfe1 Bxf3 17. Qxf3 Nge5 18. Qe3 Re8 19. f4 Nf7 20. a4 Qa8 21.
Qe4 Rb7 22. Bc3 Qb8 23. Bh3 f5 24. Qc2 Nf6 25. Bg2 Nh6 26. h3 Kf7 27. Re3 Qc7
28. Rbe1 Nhg8 29. Bf3 h5 30. Re6 Reb8 31. Rb1 Qb6 32. Kg2 Ra7 33. Rb2 Qb7 34.
Qd1 Ra6 35. Kh2 Rb6 36. b4 cxb4 37. Bd4 Ra6 38. g4 hxg4 39. hxg4 fxg4 40. Bxg4
Qxd5 41. Be2 Ra5 42. Re3 Nh6 43. Rd2 Qf5 44. Rf3 Nhg4+ 45. Kg1 Rh8 46. Bc4+ d5
47. Bf1 Rh4 48. Qe1 Qh5 49. Bg2 Ne4 50. Re2 Rxa4 51. Rb3 Ra3 52. Qxb4 Rxb3 53.
Qxb3 Ngf6 54. Rxe4 Nxe4 55. Bxe4 Rg4+ 56. Bg2 Qf5 57. Qh3 Qb1+ 58. Kh2 Rxf4 59.
Bxd5+ e6 60. Qxe6+ Kf8 61. Qd6+ Ke8 62. Bc6+ Kf7 63. Qd7+ Kf8 64. Qg7# 1-0

[Event "FBL 1"]
[Site "?"]
[Date "2019.02.09"]
[Round "7.1"]
[White "Stefanova, Antoaneta"]
[Black "Santeramo, Alessia"]
[Result "1-0"]
[WhiteElo "2486"]
[BlackElo "2069"]
[PlyCount "57"]
[EventDate "2018.10.27"]
[EventType "team-tourn"]
[EventCountry "GER"]
[WhiteTeam "Baden Baden OSG"]
[BlackTeam "Muenchen FC Bayern"]
[WhiteTeamCountry "GER"]
[BlackTeamCountry "GER"]

1. Nf3 Nf6 2. g3 e6 3. Bg2 d5 4. O-O Be7 5. c4 dxc4 6. Qa4+ c6 7. Qxc4 b5 8.
Qc2 Bb7 9. Ne5 O-O 10. a4 a6 11. b3 Qb6 12. Nc3 Nbd7 13. Nxd7 Nxd7 14. Bb2 Bf6
15. Rfb1 c5 16. Bxb7 Qxb7 17. Ne4 Bxb2 18. Rxb2 Qd5 19. Rba2 Rac8 20. axb5 c4
21. bxc4 Rxc4 22. Nc3 Qh5 23. bxa6 Nf6 24. a7 Ng4 25. h4 Qc5 26. Ne4 Qd5 27.
Qxc4 Qxc4 28. a8=Q f5 29. Qxf8+ 1-0

[Event "FBL 1"]
[Site "?"]
[Date "2019.02.09"]
[Round "7.2"]
[White "Mayrhuber, Nikola"]
[Black "Kovalevskaya, Ekaterina"]
[Result "0-1"]
[WhiteElo "1978"]
[BlackElo "2409"]
[PlyCount "92"]
[EventDate "2018.10.27"]
[EventType "team-tourn"]
[EventCountry "GER"]
[WhiteTeam "Muenchen FC Bayern"]
[BlackTeam "Baden Baden OSG"]
[WhiteTeamCountry "GER"]
[BlackTeamCountry "GER"]

1. d4 Nf6 2. c4 c5 3. d5 b5 4. Nf3 g6 5. Qc2 bxc4 6. e4 d6 7. Bxc4 Bg7 8. Bb5+
Bd7 9. Bxd7+ Nbxd7 10. O-O O-O 11. Nc3 Rb8 12. h3 Qa5 13. Re1 Nb6 14. Nd2 Nfd7
15. Nb3 Qa6 16. Qe2 Qxe2 17. Rxe2 Nc4 18. Rb1 Nde5 19. Nd1 a5 20. Nd2 Rb7 21.
Nxc4 Nxc4 22. b3 a4 23. Ne3 Na5 24. Bb2 Rfb8 25. Bxg7 Kxg7 26. Reb2 Rb4 27. f3
c4 28. Rc2 cxb3 29. axb3 Rxb3 30. Rxb3 axb3 31. Rb2 Rb4 32. Kf2 Nb7 33. Ke2 Nc5
34. Kd2 Rd4+ 35. Ke2 Ra4 36. Kd2 Ra1 37. Ke2 Ra2 38. Rxa2 bxa2 39. Nc2 Nb3 40.
Kd3 a1=Q 41. Nxa1 Nxa1 42. Kc3 Kf6 43. f4 g5 44. g3 gxf4 45. gxf4 e5 46. dxe6
Kxe6 0-1

[Event "FBL 1"]
[Site "?"]
[Date "2019.02.09"]
[Round "7.4"]
[White "Dirmeier, Carolin"]
[Black "Arakhamia Grant, Ketevan"]
[Result "0-1"]
[WhiteElo "1934"]
[BlackElo "2377"]
[PlyCount "78"]
[EventDate "2018.10.27"]
[EventType "team-tourn"]
[EventCountry "GER"]
[WhiteTeam "Muenchen FC Bayern"]
[BlackTeam "Baden Baden OSG"]
[WhiteTeamCountry "GER"]
[BlackTeamCountry "GER"]

1. e4 c5 2. Nf3 Nc6 3. d4 cxd4 4. Nxd4 e5 5. Nb5 d6 6. c4 Be7 7. Be2 Be6 8. O-O
Nf6 9. N5c3 O-O 10. Na3 Rc8 11. Nc2 Qd7 12. Ne3 Bd8 13. Ned5 Bxd5 14. cxd5 Nd4
15. Be3 Bb6 16. Qd3 Ng4 17. Bxg4 Qxg4 18. f3 Qg6 19. Rac1 f5 20. Kh1 f4 21. Bg1
Qe8 22. Ne2 Nxe2 23. Qxe2 Qa4 24. Bxb6 axb6 25. a3 Rc5 26. Rxc5 bxc5 27. Rc1 b5
28. h3 Rb8 29. Qd2 b4 30. axb4 Rxb4 31. Rb1 h6 32. Kh2 Qa2 33. Qc1 Rc4 34. Ra1
Qb3 35. Ra8+ Kh7 36. Qa1 Rc2 37. Qa6 Qxb2 38. Rh8+ Kg6 39. Qxd6+ Kh5 0-1

[Event "FBL 1"]
[Site "?"]
[Date "2019.02.09"]
[Round "7.5"]
[White "Tammert, Iamze"]
[Black "Schenk, Stefanie"]
[Result "1-0"]
[WhiteElo "2280"]
[BlackElo "2074"]
[PlyCount "51"]
[EventDate "2018.10.27"]
[EventType "team-tourn"]
[EventCountry "GER"]
[WhiteTeam "Baden Baden OSG"]
[BlackTeam "Muenchen FC Bayern"]
[WhiteTeamCountry "GER"]
[BlackTeamCountry "GER"]

1. c4 c5 2. Nc3 Nc6 3. g3 g6 4. Bg2 Bg7 5. Nf3 Nf6 6. d4 cxd4 7. Nxd4 O-O 8.
O-O Nxd4 9. Qxd4 d6 10. Qh4 Rb8 11. Bg5 Re8 12. Rac1 Bd7 13. Rfd1 Qc8 14. b3
Bc6 15. e4 Qc7 16. b4 Qb6 17. a3 a5 18. c5 dxc5 19. b5 Bxe4 20. Nxe4 Nxe4 21.
Qxe4 Qxb5 22. Rb1 Qa6 23. Rxb7 Rxb7 24. Qxb7 Qe2 25. Bf3 Qe5 26. Qd7 1-0

[Event "FBL 1"]
[Site "?"]
[Date "2019.02.09"]
[Round "7.6"]
[White "Ankerst, Milka"]
[Black "Heinemann, Josefine"]
[Result "0-1"]
[WhiteElo "2008"]
[BlackElo "2329"]
[PlyCount "82"]
[EventDate "2018.10.27"]
[EventType "team-tourn"]
[EventCountry "GER"]
[WhiteTeam "Muenchen FC Bayern"]
[BlackTeam "Baden Baden OSG"]
[WhiteTeamCountry "GER"]
[BlackTeamCountry "GER"]

1. e4 c5 2. Nf3 d6 3. d4 cxd4 4. Nxd4 Nf6 5. Nc3 a6 6. f3 e6 7. Be3 b5 8. Bd3
Nbd7 9. Qe2 Bb7 10. O-O Be7 11. Rfe1 O-O 12. Nd1 d5 13. exd5 Nxd5 14. Bf2 Nf4
15. Qd2 Nxd3 16. Qxd3 Nf6 17. Ne3 Rc8 18. Rad1 Qc7 19. c3 Rfd8 20. Qe2 Bd6 21.
Nf1 Nd5 22. Bg3 Nf4 23. Qe3 e5 24. Nb3 Ng6 25. Bf2 f5 26. Qb6 Qxb6 27. Bxb6 Rd7
28. Ne3 Rc6 29. Ba5 Rf7 30. Rd2 Nf8 31. Red1 Bb8 32. Nc2 Rg6 33. Ne1 e4 34. Rd8
Ba7+ 35. Nd4 exf3 36. g3 f4 37. Kf2 fxg3+ 38. hxg3 Rh6 39. g4 Bxd4+ 40. cxd4
Rh2+ 41. Kg3 f2 0-1

[Event "FBL 1"]
[Site "?"]
[Date "2019.02.09"]
[Round "7.1"]
[White "Burchardt, Brigitte"]
[Black "Hoolt, Sarah"]
[Result "1/2-1/2"]
[WhiteElo "2168"]
[BlackElo "2350"]
[PlyCount "60"]
[EventDate "2018.10.27"]
[EventType "team-tourn"]
[EventCountry "GER"]
[WhiteTeam "Berlin SC Rotation Pankow"]
[BlackTeam "Hamburger SK"]
[WhiteTeamCountry "GER"]
[BlackTeamCountry "GER"]

1. e4 c5 2. Nc3 Nc6 3. g3 g6 4. Bg2 Bg7 5. d3 d6 6. Be3 Nh6 7. h3 f5 8. Qd2 Nf7
9. Nf3 fxe4 10. dxe4 O-O 11. O-O-O Qa5 12. Kb1 Bxc3 13. Qxc3 Qxc3 14. bxc3 Rb8
15. Kc1 Be6 16. a3 Nfe5 17. Nxe5 Nxe5 18. Bf1 b6 19. f4 Nc4 20. Bxc4 Bxc4 21.
Rh2 Bb5 22. Bd2 Rbe8 23. Re1 e5 24. h4 h5 25. Rf2 Rf7 26. Be3 Bc6 27. Rd2 exf4
28. Bxf4 Rxe4 29. Rxe4 Bxe4 30. Rxd6 Bf5 1/2-1/2

[Event "FBL 1"]
[Site "?"]
[Date "2019.02.09"]
[Round "7.2"]
[White "Osmanodja, Filiz"]
[Black "Jahn, Constanze"]
[Result "1-0"]
[WhiteElo "2346"]
[BlackElo "2073"]
[PlyCount "61"]
[EventDate "2018.10.27"]
[EventType "team-tourn"]
[EventCountry "GER"]
[WhiteTeam "Hamburger SK"]
[BlackTeam "Berlin SC Rotation Pankow"]
[WhiteTeamCountry "GER"]
[BlackTeamCountry "GER"]

1. e4 c5 2. Nc3 a6 3. Nf3 e6 4. d4 cxd4 5. Nxd4 Qc7 6. Be3 Nf6 7. Bd3 Nc6 8.
Nxc6 bxc6 9. O-O d5 10. f4 Bb7 11. e5 Nd7 12. Ne2 c5 13. c3 Qc6 14. Ng3 c4 15.
Bc2 g6 16. Bd4 Bc5 17. Ne2 O-O-O 18. b4 Bxd4+ 19. Nxd4 Qb6 20. a4 Rdf8 21. a5
Qc7 22. Ba4 Nb8 23. b5 Qc5 24. Kh1 h5 25. Rb1 h4 26. h3 Qc7 27. bxa6 Bxa6 28.
Rb6 g5 29. Nc6 Bb7 30. Na7+ Kd8 31. Nb5 1-0

[Event "FBL 1"]
[Site "?"]
[Date "2019.02.09"]
[Round "7.3"]
[White "Wagner Michel, Annett"]
[Black "Fuchs, Judith"]
[Result "0-1"]
[WhiteElo "2098"]
[BlackElo "2256"]
[PlyCount "106"]
[EventDate "2018.10.27"]
[EventType "team-tourn"]
[EventCountry "GER"]
[WhiteTeam "Berlin SC Rotation Pankow"]
[BlackTeam "Hamburger SK"]
[WhiteTeamCountry "GER"]
[BlackTeamCountry "GER"]

1. e4 c6 2. d4 d5 3. Nd2 dxe4 4. Nxe4 Nf6 5. Nxf6+ exf6 6. Nf3 Bd6 7. Be3 O-O
8. Qd2 Re8 9. O-O-O Be6 10. Kb1 Nd7 11. c4 a5 12. Bd3 Nf8 13. Qc2 Rc8 14. Qa4
Ng6 15. d5 Bd7 16. Qb3 c5 17. Rhe1 Qc7 18. h3 b5 19. Qc2 b4 20. g4 a4 21. Bf5
b3 22. axb3 axb3 23. Qxb3 Ra8 24. Bxd7 Qxd7 25. Kc2 Reb8 26. Qc3 Ra2 27. Rb1 f5
28. Bc1 fxg4 29. hxg4 Qa4+ 30. Kd2 Rb3 31. Re8+ Nf8 32. Qc2 Rxf3 33. Qxa4 Rxa4
34. Ke2 Rb3 35. Rd8 Be5 36. f4 Bf6 37. Re8 Rb7 38. Be3 Be7 39. b3 Ra5 40. Rc8
f6 41. f5 Kf7 42. Bf4 Ra6 43. Kd3 Nd7 44. Rc6 Rab6 45. Rxb6 Rxb6 46. Bc7 Ne5+
47. Kc3 Ra6 48. Rd1 Ke8 49. d6 Bf8 50. b4 Ra3+ 51. Kb2 cxb4 52. c5 Kd7 53. Rd4
Rg3 0-1

[Event "FBL 1"]
[Site "?"]
[Date "2019.02.09"]
[Round "7.4"]
[White "Baciu, Diana"]
[Black "Goehler, Antje"]
[Result "1/2-1/2"]
[WhiteElo "2275"]
[BlackElo "2084"]
[PlyCount "92"]
[EventDate "2018.10.27"]
[EventType "team-tourn"]
[EventCountry "GER"]
[WhiteTeam "Hamburger SK"]
[BlackTeam "Berlin SC Rotation Pankow"]
[WhiteTeamCountry "GER"]
[BlackTeamCountry "GER"]

1. e4 c5 2. Nf3 d6 3. Bb5+ Bd7 4. Bxd7+ Qxd7 5. c4 Nc6 6. d4 cxd4 7. Nxd4 Nf6
8. Nc3 e6 9. O-O Be7 10. b3 O-O 11. Bb2 a6 12. Re1 Rfd8 13. Nxc6 Qxc6 14. Qe2
Rd7 15. Rac1 b6 16. a4 Qb7 17. Ba3 Ne8 18. Red1 Bf6 19. Bb4 Rc8 20. h3 Be5 21.
Qe3 Nf6 22. f3 Nh5 23. Ne2 b5 24. cxb5 Rxc1 25. Rxc1 axb5 26. axb5 g6 27. b6
Nf4 28. Ng3 d5 29. Qc5 Rd8 30. Rd1 Bd6 31. Qb5 Bxb4 32. Qxb4 Rb8 33. Kf2 Qxb6+
34. Qxb6 Rxb6 35. Rb1 Rc6 36. exd5 Rc2+ 37. Kf1 exd5 38. b4 Nxg2 39. Ne2 Ne3+
40. Ke1 Rc4 41. Kd2 Nf5 42. b5 Nd6 43. Kd3 Rh4 44. b6 Rxh3 45. Ng1 Rh4 46. b7
Nxb7 1/2-1/2

[Event "FBL 1"]
[Site "?"]
[Date "2019.02.09"]
[Round "7.5"]
[White "Heyme, Sibylle"]
[Black "Zahn, Alina"]
[Result "0-1"]
[WhiteElo "2045"]
[BlackElo "2110"]
[PlyCount "228"]
[EventDate "2018.10.27"]
[EventType "team-tourn"]
[EventCountry "GER"]
[WhiteTeam "Berlin SC Rotation Pankow"]
[BlackTeam "Hamburger SK"]
[WhiteTeamCountry "GER"]
[BlackTeamCountry "GER"]

1. e4 e5 2. Nf3 Nc6 3. Bb5 Nf6 4. O-O Nxe4 5. Re1 Nd6 6. Nxe5 Be7 7. Bd3 Nb4 8.
Bf1 O-O 9. Nc3 Nf5 10. a3 Nc6 11. Bd3 Nh6 12. Nxc6 dxc6 13. b4 a5 14. Rb1 axb4
15. axb4 Bd6 16. Ne4 Bg4 17. f3 Bf5 18. Bb2 Bxe4 19. Rxe4 Qg5 20. Bc3 Qh5 21.
g3 Rfe8 22. Qf1 Rxe4 23. fxe4 Re8 24. Qg2 Be5 25. Bxe5 Qxe5 26. Qf2 Ng4 27. Qf4
Qd4+ 28. Kg2 Ne5 29. Rb3 h6 30. h4 Re6 31. Qf2 Qd8 32. Bf1 Rf6 33. Qe2 Qd6 34.
b5 c5 35. Re3 Qd7 36. Ra3 Kh7 37. Re3 Rd6 38. d3 Qxb5 39. Qh5 Qe8 40. Qe2 Qe7
41. Qe1 Rg6 42. Kh1 Qd6 43. c3 Rf6 44. Kg2 Qd7 45. Be2 Rb6 46. Qc1 Qa4 47. Qf1
Rf6 48. Qb1 Qa3 49. Qe1 Qb2 50. Kh3 Kg8 51. g4 Rd6 52. g5 hxg5 53. hxg5 Qc2 54.
Qf1 Qxc3 55. Qf5 Qd4 56. Rg3 Rd8 57. Kg2 Ng6 58. Qg4 Qd7 59. Kf2 Qxg4 60. Rxg4
Ne5 61. Rg3 Nc6 62. Ke3 Nd4 63. Bd1 Ra8 64. Kf4 Ra1 65. Bg4 Kf8 66. Ke5 Ke7 67.
Rh3 b6 68. Rh7 Rg1 69. Kf4 g6 70. Rh8 Ne6+ 71. Bxe6 Kxe6 72. Rc8 Kd7 73. Rf8
Rf1+ 74. Ke5 b5 75. Kd5 b4 76. Kxc5 b3 77. Rb8 Rg1 78. Rxb3 Rxg5+ 79. Kd4 Rg3
80. Rb5 Rf3 81. Rd5+ Kc6 82. Ke5 g5 83. d4 g4 84. Rd8 g3 85. Rg8 Kd7 86. Kd5
c6+ 87. Kc4 Ke6 88. Kc5 Kd7 89. Kc4 Ke6 90. Kc5 Rc3+ 91. Kb6 Kd7 92. Rg7 Ke7
93. Kc7 Rd3 94. Kxc6 Rxd4 95. Rxg3 Rxe4 96. Kd5 f5 97. Rg5 Kf6 98. Rg8 Re2 99.
Kd4 f4 100. Kd3 Re6 101. Rf8+ Kg5 102. Kd2 Kg4 103. Rg8+ Kf3 104. Rf8 Kg3 105.
Rg8+ Kf2 106. Rg7 Rd6+ 107. Kc3 f3 108. Rf7 Ke2 109. Re7+ Kf1 110. Kc2 f2 111.
Rf7 Rg6 112. Kd2 Kg2 113. Ke2 f1=Q+ 114. Rxf1 Re6+ 0-1

[Event "FBL 1"]
[Site "?"]
[Date "2019.02.09"]
[Round "7.6"]
[White "Schmidt, Jade"]
[Black "Wolf, Sylvia"]
[Result "1-0"]
[WhiteElo "2057"]
[BlackElo "2002"]
[PlyCount "127"]
[EventDate "2018.10.27"]
[EventType "team-tourn"]
[EventCountry "GER"]
[WhiteTeam "Hamburger SK"]
[BlackTeam "Berlin SC Rotation Pankow"]
[WhiteTeamCountry "GER"]
[BlackTeamCountry "GER"]

1. d4 Nf6 2. c4 c5 3. d5 e6 4. Nc3 exd5 5. cxd5 d6 6. e4 g6 7. Bd3 Bg7 8. h3 a6
9. a4 Qc7 10. Nf3 O-O 11. O-O Nbd7 12. Bf4 Re8 13. Bh2 c4 14. Bc2 Rb8 15. a5 b5
16. axb6 Nxb6 17. Nd4 Nbd7 18. Ra2 Nc5 19. Re1 Nfd7 20. Nc6 Rb6 21. Qd2 Ne5 22.
Nxe5 Bxe5 23. Bxe5 dxe5 24. Na4 Nxa4 25. Bxa4 Bd7 26. Rc1 Bxa4 27. Rxa4 Qb8 28.
Rc2 Rc8 29. Raxc4 Rxc4 30. Rxc4 Rxb2 31. Qc3 Rb1+ 32. Kh2 Qd6 33. Rc6 Qe7 34.
Rc8+ Kg7 35. Rc6 Qg5 36. Qg3 Qe7 37. Rxa6 Rb4 38. Qe3 Qh4 39. f3 Rb1 40. Ra2
Rd1 41. g3 Qe7 42. Qc3 Kh6 43. Rd2 Rxd2+ 44. Qxd2+ Kg7 45. d6 Qd7 46. f4 f6 47.
fxe5 fxe5 48. Qd5 Kf6 49. g4 g5 50. Kg3 Qa7 51. Kf3 Qa3+ 52. Ke2 Qb2+ 53. Kd3
Qa3+ 54. Kc4 Qa4+ 55. Kc5 Qa5+ 56. Kc6 Qa6+ 57. Kc7 Qa7+ 58. Qb7 Qc5+ 59. Kd7
Qc4 60. Qc6 Qf7+ 61. Kc8 Qe6+ 62. Kc7 Qf7+ 63. d7+ Kg7 64. Kc8 1-0

[Event "FBL 1"]
[Site "?"]
[Date "2019.02.09"]
[Round "7.1"]
[White "Girya, Olga"]
[Black "Gaponenko, Inna"]
[Result "1/2-1/2"]
[WhiteElo "2457"]
[BlackElo "2424"]
[PlyCount "45"]
[EventDate "2018.10.27"]
[EventType "team-tourn"]
[EventCountry "GER"]
[WhiteTeam "Koenigshofen SC"]
[BlackTeam "Deizisau SF"]
[WhiteTeamCountry "GER"]
[BlackTeamCountry "GER"]

1. d4 d6 2. Nf3 g6 3. e4 Nf6 4. Bd3 Bg7 5. O-O O-O 6. c3 Nbd7 7. Re1 e5 8. Qc2
Re8 9. Nbd2 d5 10. dxe5 Ng4 11. e6 Rxe6 12. exd5 Rxe1+ 13. Nxe1 Nde5 14. h3
Nxd3 15. Nxd3 Nf6 16. c4 c6 17. Nf3 cxd5 18. c5 Bf5 19. Be3 Be4 20. Ng5 Bf5 21.
Nf3 Be4 22. Ng5 Bf5 23. Nf3 1/2-1/2

[Event "FBL 1"]
[Site "?"]
[Date "2019.02.09"]
[Round "7.2"]
[White "Schleining, Zoya"]
[Black "Shuvalova, Polina"]
[Result "0-1"]
[WhiteElo "2363"]
[BlackElo "2450"]
[PlyCount "62"]
[EventDate "2018.10.27"]
[EventType "team-tourn"]
[EventCountry "GER"]
[WhiteTeam "Deizisau SF"]
[BlackTeam "Koenigshofen SC"]
[WhiteTeamCountry "GER"]
[BlackTeamCountry "GER"]

1. d4 Nf6 2. Nf3 e6 3. c4 d5 4. Bg5 dxc4 5. Qa4+ Nbd7 6. Nc3 Be7 7. Rd1 a6 8.
e4 O-O 9. e5 b5 10. exf6 gxf6 11. Nxb5 Nb6 12. Qc2 axb5 13. Bh6 Bb4+ 14. Nd2
Rxa2 15. Be2 Qxd4 16. O-O Rxb2 17. Nxc4 Rxc2 18. Rxd4 e5 19. Rd3 Bf5 20. Rg3+
Bg6 21. Nxb6 Rd8 22. Rd1 Rxd1+ 23. Bxd1 Ra2 24. Nd5 Rd2 25. Nxf6+ Kh8 26. h4
Rxd1+ 27. Kh2 Rd3 28. Rg4 Be7 29. Ne8 f5 30. Rg3 Rxg3 31. Kxg3 Bxe8 0-1

[Event "FBL 1"]
[Site "?"]
[Date "2019.02.09"]
[Round "7.3"]
[White "Melamed, Tatjana"]
[Black "Koepke, Elena"]
[Result "1-0"]
[WhiteElo "2370"]
[BlackElo "2296"]
[PlyCount "111"]
[EventDate "2018.10.27"]
[EventType "team-tourn"]
[EventCountry "GER"]
[WhiteTeam "Koenigshofen SC"]
[BlackTeam "Deizisau SF"]
[WhiteTeamCountry "GER"]
[BlackTeamCountry "GER"]

1. e4 e5 2. Nf3 Nf6 3. Nxe5 d6 4. Nf3 Nxe4 5. d4 d5 6. Bd3 Bd6 7. O-O O-O 8. c4
c6 9. Nc3 Nxc3 10. bxc3 dxc4 11. Bxc4 Bf5 12. Re1 Nd7 13. h3 h6 14. a4 Qf6 15.
a5 Rfe8 16. Be3 Bc7 17. Bf1 b6 18. axb6 axb6 19. c4 Nf8 20. Rxa8 Rxa8 21. Ne5
Ng6 22. Nxg6 Qxg6 23. Qf3 Re8 24. Bd2 Rxe1 25. Bxe1 Qe6 26. Qe3 Qxe3 27. fxe3
Be4 28. Kf2 f5 29. g4 g6 30. gxf5 gxf5 31. Be2 Kf7 32. Bf3 Bd6 33. Ke2 Ke6 34.
Bh4 b5 35. d5+ cxd5 36. cxb5 Kd7 37. Bf6 Bxf3+ 38. Kxf3 Bc5 39. Bg7 h5 40. Kf4
Kc7 41. Bd4 Kb6 42. Ke5 Kxb5 43. Kxd5 Bf8 44. Ke5 Kc4 45. Kxf5 Kd3 46. Bb6 Ke2
47. e4 Be7 48. Kf4 Kd3 49. e5 Kc4 50. Kf5 Kd5 51. Be3 Bd8 52. Bh6 Bc7 53. Bg7
Kc6 54. e6 Bd6 55. Kg6 Kc7 56. Kf7 1-0

[Event "FBL 1"]
[Site "?"]
[Date "2019.02.09"]
[Round "7.4"]
[White "Jelica, Mara"]
[Black "Savina, Anastasia"]
[Result "0-1"]
[WhiteElo "2154"]
[BlackElo "2346"]
[PlyCount "59"]
[EventDate "2018.10.27"]
[EventType "team-tourn"]
[EventCountry "GER"]
[WhiteTeam "Deizisau SF"]
[BlackTeam "Koenigshofen SC"]
[WhiteTeamCountry "GER"]
[BlackTeamCountry "GER"]

1. e4 e5 2. Nf3 Nc6 3. d4 exd4 4. Nxd4 Nf6 5. Nxc6 bxc6 6. Bd3 d6 7. O-O g6 8.
Re1 Bg7 9. e5 dxe5 10. Rxe5+ Be6 11. Qf3 Nd7 12. Re1 Ne5 13. Rxe5 Bxe5 14.
Qxc6+ Ke7 15. Nc3 Rb8 16. Bg5+ f6 17. Re1 Qd6 18. Bxf6+ Bxf6 19. Nd5+ Kf7 20.
Rxe6 Qxe6 21. Qxc7+ Be7 22. Nxe7 Qxe7 23. Bc4+ Kf6 24. Qf4+ Kg7 25. Qd4+ Kh6
26. h4 Rbd8 27. Qf4+ Kg7 28. b3 Rd1+ 29. Bf1 Rf8 30. Qc4 0-1

[Event "FBL 1"]
[Site "?"]
[Date "2019.02.09"]
[Round "7.6"]
[White "Gheng, Simona"]
[Black "Belenkaya, Dina"]
[Result "0-1"]
[WhiteElo "1989"]
[BlackElo "2364"]
[PlyCount "118"]
[EventDate "2018.10.27"]
[EventType "team-tourn"]
[EventCountry "GER"]
[WhiteTeam "Deizisau SF"]
[BlackTeam "Koenigshofen SC"]
[WhiteTeamCountry "GER"]
[BlackTeamCountry "GER"]

1. e4 c6 2. d4 d5 3. exd5 cxd5 4. Nf3 Nc6 5. c3 Qc7 6. Bd3 Bg4 7. Nbd2 e6 8.
O-O Bd6 9. h3 Bh5 10. Re1 Nf6 11. Nf1 O-O 12. Bg5 Kh8 13. Bh4 Rfe8 14. Bg3 e5
15. dxe5 Nxe5 16. Bxe5 Bxe5 17. Be2 Bf4 18. g3 Bd6 19. Nd4 Bxe2 20. Rxe2 Qb6
21. Qb3 Rxe2 22. Qxb6 axb6 23. Nxe2 b5 24. a3 b4 25. cxb4 Bxb4 26. Rc1 Bd6 27.
Rc2 g6 28. Ne3 Rd8 29. Kg2 Kg7 30. Nd4 Be5 31. Nf3 Bb8 32. Rd2 Ba7 33. Rd3 h5
34. Nd4 Rc8 35. b4 Rc1 36. Nb5 Bxe3 37. Rxe3 Ne4 38. Re2 Kf6 39. Re3 Rc2 40.
Rf3+ Ke7 41. Nd4 Ra2 42. g4 h4 43. Nb5 Rd2 44. Nc3 Ke6 45. Nxe4 dxe4 46. Rc3 f5
47. gxf5+ gxf5 48. Kf1 Ke5 49. Ke1 Ra2 50. Rc5+ Kf4 51. Rc7 b6 52. Rc6 Kf3 53.
Rxb6 Re2+ 54. Kd1 Rxf2 55. Rf6 f4 56. b5 Ra2 57. b6 e3 58. Re6 Rxa3 59. Kc2 Ra5
0-1

[Event "FBL 1"]
[Site "?"]
[Date "2019.02.09"]
[Round "7.1"]
[White "Bluhm, Sonja Maria"]
[Black "Javakhishvili, Lela"]
[Result "0-1"]
[WhiteElo "2231"]
[BlackElo "2452"]
[PlyCount "62"]
[EventDate "2018.10.27"]
[EventType "team-tourn"]
[EventCountry "GER"]
[WhiteTeam "Hofheim SV"]
[BlackTeam "Schwaebisch Hall SK"]
[WhiteTeamCountry "GER"]
[BlackTeamCountry "GER"]

1. e4 c5 2. Nf3 Nc6 3. d4 cxd4 4. Nxd4 e6 5. Nc3 Qc7 6. Be3 a6 7. Qd2 Nf6 8. f3
b5 9. Bd3 Bb7 10. O-O b4 11. Nce2 d5 12. Nxc6 Bxc6 13. Ng3 Bd6 14. e5 Bxe5 15.
Qxb4 a5 16. Qh4 Rb8 17. Rae1 Rb4 18. f4 Bxb2 19. c3 Ra4 20. Bd2 Ne4 21. Nxe4
dxe4 22. Bc2 Rxa2 23. Bb1 Ra4 24. Re3 Ba3 25. Kh1 Be7 26. Qg4 g6 27. Bc2 Ra2
28. Qd1 Qd7 29. Qb1 O-O 30. Qxa2 Qxd2 31. Ree1 e3 0-1

[Event "FBL 1"]
[Site "?"]
[Date "2019.02.09"]
[Round "7.2"]
[White "Batsiashvili, Nino"]
[Black "Agrest, Inna"]
[Result "1-0"]
[WhiteElo "2459"]
[BlackElo "2269"]
[PlyCount "149"]
[EventDate "2018.10.27"]
[EventType "team-tourn"]
[EventCountry "GER"]
[WhiteTeam "Schwaebisch Hall SK"]
[BlackTeam "Hofheim SV"]
[WhiteTeamCountry "GER"]
[BlackTeamCountry "GER"]

1. d4 Nf6 2. Nf3 g6 3. g3 Bg7 4. Bg2 O-O 5. O-O d6 6. b3 c5 7. Bb2 Nc6 8. d5
Nb4 9. c4 b5 10. a3 Na6 11. Nbd2 Rb8 12. Ra2 Nc7 13. e4 bxc4 14. bxc4 Rxb2 15.
Rxb2 Nfxd5 16. Rb3 Nb6 17. Qe2 Ba6 18. Rc1 Qd7 19. Bf1 Qa4 20. Qe3 Ne6 21. Be2
Nd7 22. Bd1 Qc6 23. Rbb1 h5 24. Nb3 Nf6 25. Nfd2 Nd7 26. Be2 Qa4 27. Nf3 Nf6
28. h3 Nd7 29. Nbd2 Nf6 30. Bf1 Nd7 31. Bg2 Qa5 32. Qe1 Qa4 33. Qd1 Qa5 34. Nf1
Nb6 35. Ne3 Nd4 36. Nd5 Nxd5 37. exd5 Nf5 38. Bf1 Bc8 39. Rb3 Bd7 40. Qd3 Ba4
41. Rb7 Bf6 42. Qd2 Qxd2 43. Nxd2 Ra8 44. Nf3 Kf8 45. Bd3 Ke8 46. g4 hxg4 47.
hxg4 Nd4 48. Nxd4 Bxd4 49. Rcb1 a5 50. Kg2 Kf8 51. Rc7 Bf6 52. Kf3 Kg7 53. Ke2
Bg5 54. Rcb7 Bf6 55. Rb8 Rxb8 56. Rxb8 Bc3 57. Rb7 Kf8 58. g5 Be5 59. f3 Ke8
60. Bb1 Bg3 61. Kd3 Be1 62. Bc2 Bxc2+ 63. Kxc2 Kf8 64. Ra7 Ke8 65. Ra8+ Kd7 66.
Rf8 Bh4 67. Rxf7 Bxg5 68. Rg7 Kc7 69. Rxg6 Bh4 70. Rg8 Kb7 71. a4 Kc7 72. Kd3
Kd7 73. Ra8 Be1 74. Ke4 Bc3 75. Kf5 1-0